Sports Quiz

Random Sports or Europe Quiz

World Cup Hosts by Year Quiz Stats

 Plays Quiz Updated Jun 16, 2018

Score 0/21 Timer 04:00
19 Plays Today
% Correct
Russia
93.8%
Brazil
91.8%
South Africa
89.3%
South Korea and Japan
84.3%
United States of America
83.4%
Germany (Unified)
82%
France
81.4%
Uruguay
77%
England
75%
Italy
70.5%
Mexico
69.7%
% Correct
Spain
55.8%
Mexico
53.3%
West Germany
53%
Argentina
52.8%
Italy
47.4%
Sweden
45.5%
Brazil
45.2%
Chile
37.1%
Switzerland
36%
France
33.6%

You're not logged in!

Compare scores with friends on all Sporcle quizzes.
OR
Log In

Sporcle TV

Today on Sporcle TV


Watch our educational content, quiz creation guides, and fun videos on Sporcle TV.

Show Comments

Extras

Top Quizzes Today


Score Distribution

Your Account Isn't Verified!

In order to create a playlist on Sporcle, you need to verify the email address you used during registration. Go to your Sporcle Settings to finish the process.

Report this User

Report this user for behavior that violates our Community Guidelines.

Details: